Toma de posesión del nuevo obispo de Vich
Colección:
San Jorge,
; núm. 22 (abril 1956), pàg 50
Materias:
Masnou i Boixeda, Ramon, -- 1907-2004
Idioma:
Español
MARC
| LEADER | 00000naa a2200000 a 4500 | ||
|---|---|---|---|
| 003 | Arxiu | ||
| 005 | 20260324181505.0 | ||
| 008 | 160829s1956 spcaxx s spa c | ||
| 040 | |a AGDB | ||
| 245 | 0 | 0 | |a Toma de posesión del nuevo obispo de Vich |
| 490 | |a San Jorge, |v núm. 22 (abril 1956), pàg 50 | ||
| 600 | 1 | 0 | |a Masnou i Boixeda, Ramon, |d 1907-2004 |9 56379 |
| 773 | |g Núm. 22 (abril 1956), pàg 50 |t San Jorge. | ||
| 901 | |a Arxiu | ||
| 942 | |n 1 |2 udc |c ART | ||
| 952 | |0 0 |1 0 |4 0 |6 REV511 |7 1 |9 66319 |a Arxiu |b Arxiu |d 2023-05-15 |l 0 |o Rev-511 |r 2023-05-15 00:00:00 |w 2023-05-15 |y ARXIU |z També disponible a Rev-525 | ||
| 999 | |c 44044 |d 44044 | ||